Widok standardowy
Widok MARC
Pozycja Personal Name
Liczba rekordów, w których użyto hasła: 2
001 - Numer kontrolny
- control field: 39193
003 - Identyfikator numeru kontrolnego
- control field: NUKAT
005 - Data i czas ostatniej modyfikacji
- control field: 20260330103651.0
008 - Dane kontrolne kodowane (40 znaków)
- fixed length control field: 080204n||a|znnaabn |a aaa |c
010 ## - Numer kontrolny Biblioteki Kongresu
- numer kontrolny LC: n 2008122308
024 7# - OTHER STANDARD IDENTIFIER
- Standard number or code: 162930704
- Source of number or code: viaf
024 7# - OTHER STANDARD IDENTIFIER
- Standard number or code: 0000000111946123
- Source of number or code: isni
040 ## - Instytucja sporządzająca rekord
- inst. przygot. dane do rek. khw: SZCZ M/AB
- język haseł przedmiotowych/tezaurus: kaba
- inst. wprow. rek. khw: SZCZ M/AB
100 1# - Hasło - nazwa osobowa
- nazwa osobowa w formie ujednoliconej: Bogdaszewska, Zofia.
670 ## - Źródło informacji
- źródło informacji: Piękno nieznane : przewodnik po ścieżkach przyrodniczo-edukacyjnych Pojezierza Mazurskiego / [aut. tekstów : Zofia Bogdaszewska et al. ; aut. zdjęć : Waldemar Bzura et al.]. - Giżycko, 2007.